000 00428nam a2200181Ia 4500
005 20240823043724.0
008 240823s9999||||xx |||||||||||||| ||und||
041 _aENGLISH
082 _A005.7565 N4
100 _aSanjay Hazarika
245 0 _aLearn Clipper ... fast
250 _a1st
260 _c1994
_b"BPB,New Delhi"
500 _aTRANSFERED
650 _aClipper
_bComputer Science
942 _cBK
999 _c210885
_d210885